Children's rights in a pluralistic society (Record no. 64005)
[ view plain ]
| 000 -CABECERA | |
|---|---|
| campo de control de longitud fija | 00575nam a2200205 a 4500 |
| 005 - FECHA Y HORA DE LA ÚLTIMA TRANSACCIÓN | |
| campo de control | 20210219152930.0 |
| 008 - ELEMENTOS DE LONGITUD FIJA--INFORMACIÓN GENERAL | |
| campo de control de longitud fija | 991125n 000 0 u |
| 035 ## - NÚMERO DE CONTROL DEL SISTEMA | |
| Número de control de sistema | UPN01000067395 |
| 100 1# - ASIENTO PRINCIPAL--NOMBRE PERSONAL | |
| Nombre de persona | Ibrahim, Farah A |
| 222 #0 - TÍTULO CLAVE | |
| Título clave | JOURNAL OF HUMANISTIC EDUCATION AND DEVELOPMENT |
| 245 00 - MENCIÓN DE TÍTULO | |
| Título | Children's rights in a pluralistic society |
| 300 ## - DESCRIPCIÓN FÍSICA | |
| Extensión | 64-72 |
| 362 0# - FECHAS DE PUBLICACIÓN Y/O DESIGNACIÓN SECUENCIAL | |
| Fecha de publicación y/o designación secuencial | 1992 Vol. 31, no. 2 |
| 653 0# - TERMINO DE INDIZACION - NO CONTROLADO | |
| Término no controlado | DEMOGRAFIA |
| 653 0# - TERMINO DE INDIZACION - NO CONTROLADO | |
| Término no controlado | DERECHOS DEL NIÑO |
| 653 0# - TERMINO DE INDIZACION - NO CONTROLADO | |
| Término no controlado | PLURALISMO CULTURAL |
| 653 0# - TERMINO DE INDIZACION - NO CONTROLADO | |
| Término no controlado | TENDENCIAS DE LA POBLACION |
| 904 ## - ELEMENTOS DE DATOS D LOCAL, LDD (RLIN) | |
| a | AC |
| b | 005206 |
| 905 ## - TIPO DE MATERIAL | |
| Tipo de material | Articulo |
No items available.
